[Event "Dmitrov op"]
[Site "Dmitrov"]
[Date "2010.08.17"]
[Round "7"]
[White "Belotserkovsky, Dmitry"]
[Black "Sorokin, Evgeniy"]
[Result "1/2-1/2"]
[WhiteElo "1978"]
[BlackElo "2297"]
[PlyCount "51"]
[EventDate "2010.08.14"]
[EventType "swiss"]
[EventRounds "9"]
[EventCountry "RUS"]
[SourceTitle "CBM 138 Extra"]
[Source "ChessBase"]
[SourceDate "2010.10.29"]
[SourceVersion "1"]
[SourceVersionDate "2010.10.29"]
[SourceQuality "1"]

1. e4 e5 2. Nf3 d6 3. d4 exd4 4. Nxd4 Nf6 5. Nc3 g6 6. f3 Bg7 7. Be3 Nc6 8. Qd2 Nxd4 9. Bxd4 a6 10. 0-0-0 0-0 11. h4 h5 12. Nd5 Be6 13. Bc4 Bxd5 14. Bxd5 c6 15. Bb3 b5 16. c3 c5 17. Bxf6 Bxf6 18. Qxd6 c4 19. Qxd8 Rfxd8 20. Bc2 Rxd1+ 21. Kxd1 b4 22. cxb4 Bxb2 23. Ke2 Rb8 24. Rb1 Rxb4 25. a4 a5 26. Rd1 1/2-1/2

[Event "Dmitrov op"]
[Site "Dmitrov"]
[Date "2010.08.14"]
[Round "1"]
[White "Sorokin, Evgeniy"]
[Black "Sysoykina, Lidia"]
[Result "1-0"]
[WhiteElo "2297"]
[BlackElo "1965"]
[PlyCount "81"]
[EventDate "2010.08.14"]
[EventType "swiss"]
[EventRounds "9"]
[EventCountry "RUS"]
[SourceTitle "CBM 138 Extra"]
[Source "ChessBase"]
[SourceDate "2010.10.29"]
[SourceVersion "1"]
[SourceVersionDate "2010.10.29"]
[SourceQuality "1"]

1. c4 Nf6 2. Nf3 e6 3. g3 b6 4. Bg2 Bb7 5. d4 Bb4+ 6. Bd2 c5 7. 0-0 0-0 8. dxc5 Bxc5 9. Nc3 h6 10. Bf4 d5 11. Ne5 Qe7 12. cxd5 Rd8 13. Qc2 exd5 14. Nd3 Nc6 15. Nxc5 bxc5 16. Rfe1 d4 17. Ne4 Nxe4 18. Qxe4 Qxe4 19. Bxe4 Re8 20. Bf3 Na5 21. Bxb7 Nxb7 22. Rac1 Rac8 23. Rc4 g5 24. Bd2 Nd6 25. Ra4 Re7 26. Kf1 Ne4 27. Rd1 c4 28. Bb4 Rd7 29. Ra6 Kh7 30. Ra5 Rcd8 31. Re5 Nf6 32. Rc5 a5 33. Bxa5 Ra8 34. b4 cxb3 35. axb3 Ne4 36. Re5 Nf6 37. b4 Ng4 38. Re4 Nxh2+ 39. Kg2 f5 40. Re6 Ng4 41. f3 1-0

[Event "Kimry"]
[Site "Kimry"]
[Date "2009.08.26"]
[Round "11"]
[White "Jarulina, Dinara"]
[Black "Sorokin, Evgeniy"]
[Result "0-1"]
[WhiteElo "2163"]
[BlackElo "2289"]
[PlyCount "68"]
[EventDate "2009.08.21"]
[EventType "tourn"]
[EventRounds "11"]
[EventCountry "RUS"]
[SourceTitle "CBM 132 Extra"]
[Source "ChessBase"]
[SourceDate "2009.11.03"]
[SourceVersion "1"]
[SourceVersionDate "2009.11.03"]
[SourceQuality "1"]

1. e4 g6 2. Nf3 Bg7 3. c3 d6 4. d4 c6 5. Bd3 Nd7 6. 0-0 e5 7. dxe5 dxe5 8. Bc4 Nh6 9. Qe2 Qe7 10. b4 f6 11. Ba3 Nf7 12. b5 c5 13. Nbd2 0-0 14. Nb3 b6 15. Bd5 Rb8 16. Bc1 Bb7 17. a4 Bxd5 18. exd5 f5 19. c4 e4 20. Ra2 Rbe8 21. Re1 Bf6 22. Nfd2 Be5 23. Bb2 Qh4 24. g3 Qh6 25. Bc1 Qg7 26. Nf1 Bd4 27. a5 Nde5 28. Rd1 Nd6 29. Be3 Bxe3 30. Nxe3 f4 31. gxf4 Nf3+ 32. Kg2 Qh6 33. Ng4 Qxf4 34. h3 h5 0-1

[Event "Kimry"]
[Site "Kimry"]
[Date "2009.08.23"]
[Round "5"]
[White "Sorokin, Evgeniy"]
[Black "Kazennova, Daria"]
[Result "1/2-1/2"]
[WhiteElo "2289"]
[BlackElo "1964"]
[PlyCount "101"]
[EventDate "2009.08.21"]
[EventType "tourn"]
[EventRounds "11"]
[EventCountry "RUS"]
[SourceTitle "CBM 132 Extra"]
[Source "ChessBase"]
[SourceDate "2009.11.03"]
[SourceVersion "1"]
[SourceVersionDate "2009.11.03"]
[SourceQuality "1"]

1. d4 d5 2. c4 dxc4 3. Nf3 Nf6 4. Nc3 e6 5. Bg5 c5 6. Qa4+ Nc6 7. dxc5 Bxc5 8. e3 0-0 9. Bxc4 a6 10. a3 Bd7 11. Qc2 h6 12. Bh4 b5 13. Bd3 Be7 14. 0-0 Rc8 15. Rfd1 Nd5 16. Bg3 Nxc3 17. Qxc3 Na5 18. Qe5 Nb3 19. Rab1 Nc5 20. b4 f6 21. Qa1 Nxd3 22. Rxd3 Qe8 23. Qa2 Rc4 24. Nd2 Rc6 25. Nb3 Qc8 26. Rbd1 Be8 27. Nd4 Rc4 28. Nb3 Bf7 29. Bd6 Bxd6 30. Rxd6 e5 31. Qa1 Rc2 32. Nc5 a5 33. Qb1 Qf5 34. Rf1 Ba2 35. Qd1 Rb2 36. e4 Qc8 37. Qc1 Rb1 38. Qd2 Rxf1+ 39. Kxf1 Bc4+ 40. Kg1 axb4 41. axb4 Qa8 42. h3 Re8 43. Qd1 Kh7 44. Qh5 Rd8 45. Qf5+ Kg8 46. Nd7 Bf7 47. Kh2 Qc8 48. Qg4 Kh7 49. Qf5+ Kg8 50. Qg4 Kh7 51. Qf5+ 1/2-1/2

[Event "Kimry"]
[Site "Kimry"]
[Date "2009.08.21"]
[Round "1"]
[White "Sorokin, Evgeniy"]
[Black "Prizant, Jaroslav"]
[Result "0-1"]
[WhiteElo "2289"]
[BlackElo "2483"]
[PlyCount "60"]
[EventDate "2009.08.21"]
[EventType "tourn"]
[EventRounds "11"]
[EventCountry "RUS"]
[SourceTitle "CBM 132 Extra"]
[Source "ChessBase"]
[SourceDate "2009.11.03"]
[SourceVersion "1"]
[SourceVersionDate "2009.11.03"]
[SourceQuality "1"]

1. e4 e6 2. d4 d5 3. Nc3 Bb4 4. e5 c5 5. a3 Ba5 6. b4 cxd4 7. Nb5 Bc7 8. f4 Bd7 9. Nxc7+ Qxc7 10. Nf3 Ba4 11. Bb2 Nc6 12. Rc1 Nge7 13. Bxd4 Nxd4 14. Nxd4 0-0 15. Qf3 Nc6 16. Nxc6 bxc6 17. Bd3 c5 18. c3 Qb6 19. h4 Rac8 20. Qh5 h6 21. Rh3 f5 22. Rg3 Kh8 23. Rg6 Be8 24. Rxh6+ gxh6 25. Qxh6+ Kg8 26. Qg5+ Kh7 27. g4 Qd8 28. Qxd8 Rxd8 29. gxf5 exf5 30. bxc5 Bd7 0-1

[Event "Kimry Summer op 45th"]
[Site "Kimry"]
[Date "2009.06.14"]
[Round "7"]
[White "Nefedov, Dmitriy"]
[Black "Sorokin, Evgeniy"]
[Result "0-1"]
[WhiteElo "2118"]
[BlackElo "2268"]
[PlyCount "127"]
[EventDate "2009.06.11"]
[EventType "swiss"]
[EventRounds "8"]
[EventCountry "RUS"]
[SourceTitle "EXT 2022"]
[Source "ChessBase"]
[SourceDate "2021.10.06"]
[SourceVersion "1"]
[SourceVersionDate "2021.10.06"]
[SourceQuality "1"]

1. c4 c5 2. Nc3 Nc6 3. Nf3 g6 4. g3 Bg7 5. Bg2 e6 6. 0-0 Nge7 7. d3 d5 8. e3 0-0 9. cxd5 exd5 10. d4 c4 11. b3 Bf5 12. bxc4 dxc4 13. Ne1 Rb8 14. g4 Bd7 15. Rb1 a6 16. Bd2 b5 17. a3 Na5 18. Ne4 Bc6 19. Nc5 Bxg2 20. Kxg2 Nd5 21. e4 c3 22. Bc1 Nc7 23. Nc2 Nb7 24. Nxb7 Rxb7 25. Rb3 Re8 26. f3 f5 27. Qd3 Qh4 28. h3 h5 29. Bf4 hxg4 30. hxg4 fxe4 31. fxe4 Qxg4+ 32. Qg3 Qe2+ 33. Rf2 Qxe4+ 34. Kg1 Nd5 35. Be5 Bxe5 36. dxe5 Rh7 37. Qg2 Rxe5 38. Qxe4 Rxe4 39. Nb4 Nxb4 40. axb4 Re1+ 41. Kg2 Rc7 42. Rc2 Re4 43. Rcxc3 Rxc3 44. Rxc3 Rxb4 45. Rc6 a5 46. Rxg6+ Kf7 47. Ra6 a4 48. Kf2 Rb3 49. Ke2 Ke7 50. Kd2 Kd7 51. Kc2 Kc7 52. Rh6 Rg3 53. Kb2 Rd3 54. Ka2 Rd6 55. Rh8 Kb6 56. Ka3 Rd3+ 57. Kb2 Kc5 58. Rc8+ Kb4 59. Rc2 Rg3 60. Rh2 a3+ 61. Ka2 Ka4 62. Rf2 b4 63. Rf4 Rd3 64. Rh4 0-1

[Event "Kimry Summer op 45th"]
[Site "Kimry"]
[Date "2009.06.12"]
[Round "3"]
[White "Sorokin, Evgeniy"]
[Black "Shidlovski, Yuri"]
[Result "1-0"]
[WhiteElo "2268"]
[BlackElo "1994"]
[PlyCount "41"]
[EventDate "2009.06.11"]
[EventType "swiss"]
[EventRounds "8"]
[EventCountry "RUS"]
[SourceTitle "EXT 2022"]
[Source "ChessBase"]
[SourceDate "2021.10.06"]
[SourceVersion "1"]
[SourceVersionDate "2021.10.06"]
[SourceQuality "1"]

1. e4 c5 2. Nf3 e6 3. d4 cxd4 4. Nxd4 a6 5. c4 Nc6 6. Be3 Nf6 7. Nc3 Bb4 8. f3 Qa5 9. Qd2 d6 10. Be2 Bd7 11. Nb3 Bxc3 12. bxc3 Qc7 13. Rd1 Ke7 14. g4 h6 15. Qb2 Ne5 16. Qa3 Bc6 17. Rxd6 Ke8 18. Bf4 Nfd7 19. Nd4 Kd8 20. Bxe5 Kc8 21. Rxc6 1-0

[Event "Kimry-ch"]
[Site "Kimry"]
[Date "2009.01.05"]
[Round "6"]
[White "Sorokin, Evgeniy"]
[Black "Volkov, Evgeny"]
[Result "1-0"]
[WhiteElo "2267"]
[BlackElo "2212"]
[PlyCount "65"]
[EventDate "2009.01.02"]
[EventType "swiss"]
[EventRounds "9"]
[EventCountry "RUS"]
[SourceTitle "EXT 2010"]
[Source "ChessBase"]
[SourceDate "2010.11.25"]
[SourceVersion "1"]
[SourceVersionDate "2010.11.25"]
[SourceQuality "1"]

1. c4 c5 2. Nf3 Nf6 3. Nc3 e6 4. g3 b6 5. Bg2 Bb7 6. 0-0 Be7 7. d4 cxd4 8. Qxd4 d6 9. e4 a6 10. Rd1 Nbd7 11. b3 0-0 12. Qe3 Qc7 13. Ba3 Nc5 14. Nd4 Rfe8 15. h3 Bf8 16. Rac1 Rad8 17. Nde2 Qb8 18. b4 Ncd7 19. f4 Qa8 20. g4 h6 21. Ng3 Rc8 22. Nce2 b5 23. c5 e5 24. cxd6 Rxc1 25. Bxc1 exf4 26. Nxf4 Ne5 27. Nfh5 Nxh5 28. Nxh5 Nc4 29. Qd4 Nxd6 30. Bxh6 f6 31. Bxg7 Bxg7 32. Qxd6 Bxe4 33. Qc7 1-0

[Event "Kimry op"]
[Site "Kimry"]
[Date "2008.01.29"]
[Round "7"]
[White "Borzov, Vladimir"]
[Black "Sorokin, Evgeniy"]
[Result "0-1"]
[WhiteElo "2060"]
[BlackElo "2267"]
[PlyCount "97"]
[EventDate "2008.01.26"]
[EventType "swiss"]
[EventRounds "9"]
[EventCountry "RUS"]
[SourceTitle "EXT 2011"]
[Source "ChessBase"]
[SourceDate "2010.11.26"]
[SourceVersion "1"]
[SourceVersionDate "2010.11.26"]
[SourceQuality "1"]

1. e4 c5 2. Nc3 Nc6 3. g3 g6 4. Bg2 Bg7 5. d3 e6 6. Nh3 Nge7 7. 0-0 0-0 8. Be3 d6 9. Qd2 Nd4 10. Nd1 b5 11. c3 Ndc6 12. Bh6 Rb8 13. Bxg7 Kxg7 14. Nf4 b4 15. c4 e5 16. Ne2 Bd7 17. f4 Qc8 18. Ne3 f6 19. Rf2 Bg4 20. Raf1 Bxe2 21. Qxe2 Nd4 22. Qd1 Qa6 23. b3 Qc6 24. h4 a5 25. Bh3 a4 26. Nc2 Nxc2 27. Qxc2 axb3 28. axb3 Ra8 29. Be6 Ra3 30. g4 Qa6 31. g5 Ra1 32. fxe5 Rxf1+ 33. Rxf1 dxe5 34. gxf6+ Rxf6 35. Rxf6 Kxf6 36. Bd5 Qa1+ 37. Kg2 Qe1 38. Kh3 Qe3+ 39. Kg2 Qf4 40. Qa2 Qg4+ 41. Kf1 Qf3+ 42. Kg1 Qg3+ 43. Kf1 Qxd3+ 44. Kg2 Nxd5 45. exd5 Qe4+ 46. Kh3 Qf3+ 47. Kh2 Qf4+ 48. Kh3 Qe3+ 49. Kh2 0-1

[Event "Kimry op"]
[Site "Kimry"]
[Date "2008.01.29"]
[Round "8"]
[White "Sorokin, Evgeniy"]
[Black "Prizant, Julia"]
[Result "1-0"]
[WhiteElo "2267"]
[BlackElo "2060"]
[PlyCount "47"]
[EventDate "2008.01.26"]
[EventType "swiss"]
[EventRounds "9"]
[EventCountry "RUS"]
[SourceTitle "EXT 2011"]
[Source "ChessBase"]
[SourceDate "2010.11.26"]
[SourceVersion "1"]
[SourceVersionDate "2010.11.26"]
[SourceQuality "1"]

1. c4 e5 2. Nc3 Nf6 3. g3 Nc6 4. Bg2 Bb4 5. a3 Bxc3 6. dxc3 0-0 7. Nf3 d6 8. 0-0 Be6 9. b3 Qe7 10. Nh4 Rad8 11. e4 Nd7 12. Be3 a6 13. Qc2 Nc5 14. Nf5 Qf6 15. g4 Rfe8 16. f3 Ne7 17. Rad1 Bxf5 18. exf5 g6 19. b4 Nd7 20. fxg6 hxg6 21. h3 Nf8 22. f4 Nc6 23. f5 Kg7 24. g5 1-0

[Event "Kimry-ch"]
[Site "Kimry"]
[Date "2007.01.03"]
[Round "3"]
[White "Danilov, Alexander"]
[Black "Sorokin, Evgeniy"]
[Result "0-1"]
[WhiteElo "1952"]
[BlackElo "2219"]
[PlyCount "64"]
[EventDate "2007.01.02"]
[EventType "swiss"]
[EventRounds "9"]
[EventCountry "RUS"]
[SourceTitle "EXT 2010"]
[Source "ChessBase"]
[SourceDate "2010.11.25"]
[SourceVersion "1"]
[SourceVersionDate "2010.11.25"]
[SourceQuality "1"]

1. e4 c5 2. c3 g6 3. Bd3 Bg7 4. Nf3 Nc6 5. 0-0 e6 6. Bc2 Qb6 7. Re1 Nge7 8. d3 d5 9. Nbd2 0-0 10. h3 Qc7 11. a4 b6 12. Nb3 Rd8 13. Bd2 Ba6 14. Nc1 Rd7 15. Ne2 dxe4 16. dxe4 Rad8 17. Qc1 Ne5 18. Bf4 Nxf3+ 19. gxf3 Qb7 20. Ng3 Nc6 21. Qe3 Na5 22. Qc1 Nc4 23. Kg2 Ne5 24. Bxe5 Bxe5 25. f4 Bg7 26. f3 Rd2+ 27. Kg1 Bh6 28. Nf1 Bxf1 29. Rxf1 Bxf4 30. Qb1 Qe7 31. Rf2 Qg5+ 32. Kf1 Rxf2+ 0-1

[Event "Kimry-ch"]
[Site "Kimry"]
[Date "2005.01.??"]
[Round "1"]
[White "Kuryshkin, Anatoliy"]
[Black "Sorokin, Evgeniy"]
[Result "0-1"]
[WhiteElo "1962"]
[BlackElo "2129"]
[PlyCount "68"]
[EventDate "2005.01.??"]
[EventType "swiss"]
[EventRounds "9"]
[EventCountry "RUS"]
[SourceTitle "EXT 2006"]
[Source "ChessBase"]
[SourceDate "2005.11.24"]
[SourceVersion "1"]
[SourceVersionDate "2005.11.24"]
[SourceQuality "1"]

1. e4 e6 2. d4 d5 3. e5 c5 4. c3 Nc6 5. Nf3 Qb6 6. Bd3 Bd7 7. dxc5 Bxc5 8. Qe2 a5 9. Nbd2 Qc7 10. Nb3 Ba7 11. Nbd4 Nxd4 12. Nxd4 Bb8 13. f4 Ne7 14. 0-0 Nf5 15. Nb5 Qb6+ 16. Kh1 d4 17. c4 Bxb5 18. cxb5 Ne3 19. Rf3 Ba7 20. Bd2 Qd8 21. Be4 Nd5 22. f5 exf5 23. Rxf5 g6 24. Rf3 Qd7 25. Bh6 Ne3 26. Rxe3 dxe3 27. Rd1 Qc7 28. Bg7 Rd8 29. Bxh8 Rxd1+ 30. Qxd1 e2 31. Bc6+ Qxc6 32. Qe1 Qc2 33. e6 Qd1 34. Bc3 Bf2 0-1

[Event "Kimry-ch"]
[Site "Kimry"]
[Date "2005.01.??"]
[Round "5"]
[White "Sorokin, Evgeniy"]
[Black "Gorshkov, Yuri"]
[Result "1-0"]
[WhiteElo "2129"]
[BlackElo "2383"]
[PlyCount "147"]
[EventDate "2005.01.??"]
[EventType "swiss"]
[EventRounds "9"]
[EventCountry "RUS"]
[SourceTitle "EXT 2006"]
[Source "ChessBase"]
[SourceDate "2005.11.24"]
[SourceVersion "1"]
[SourceVersionDate "2005.11.24"]
[SourceQuality "1"]

1. e4 c5 2. Nf3 d6 3. d4 cxd4 4. Nxd4 Nf6 5. Nc3 a6 6. Bg5 e6 7. Be2 Be7 8. Qd2 h6 9. Be3 Nbd7 10. f4 Qc7 11. Bf3 Nb6 12. b3 d5 13. e5 Nfd7 14. Nce2 Nc5 15. 0-0 Bd7 16. a4 Rc8 17. Kh1 g6 18. c3 h5 19. a5 Na8 20. Rfc1 Bc6 21. b4 Ne4 22. Bxe4 dxe4 23. c4 b6 24. axb6 Qxb6 25. b5 Bb7 26. Nf5 Bc5 27. Nd6+ Ke7 28. Nxc8+ Rxc8 29. Bxc5+ Qxc5 30. bxa6 Bc6 31. Qd4 Qb6 32. c5 Qb3 33. Qd6+ Ke8 34. Nd4 Qd5 35. Nxc6 Rxc6 36. Qb8+ Qd8 37. Qb5 Qc8 38. a7 e3 39. Qb8 e2 40. Qxc8+ Rxc8 41. Kg1 Kd7 42. c6+ Kc7 43. Kf2 Nb6 44. Rcb1 Rd8 45. Rxb6 Rd1 46. Kxe2 Rxa1 47. Rb7+ Kxc6 48. Rxf7 Ra3 49. Rg7 Kd5 50. Rxg6 Rxa7 51. Kf2 Ke4 52. Rf6 h4 53. h3 Ra6 54. Kg1 Rb6 55. Kh2 Ra6 56. Rh6 Kxf4 57. Rxh4+ Kxe5 58. Rb4 Ra3 59. h4 Kf6 60. g3 e5 61. Kh3 Kf5 62. Rb5 Re3 63. Ra5 Re1 64. Ra8 e4 65. Rf8+ Kg6 66. Kg4 e3 67. Re8 e2 68. Kf3 Rf1+ 69. Kxe2 Rf6 70. Re3 Kh5 71. Rf3 Re6+ 72. Kf2 Kg4 73. Rf4+ Kh3 74. h5 1-0

[Event "RUS Central Region-ch U16"]
[Site "Tula"]
[Date "2004.11.07"]
[Round "6"]
[White "Sorokin, Evgeniy"]
[Black "Gorin, Alexandr"]
[Result "1/2-1/2"]
[WhiteElo "2129"]
[BlackElo "2180"]
[PlyCount "86"]
[EventDate "2004.11.02"]
[EventType "swiss"]
[EventRounds "9"]
[EventCountry "RUS"]
[SourceTitle "EXT 2006"]
[Source "ChessBase"]
[SourceDate "2005.11.24"]
[SourceVersion "1"]
[SourceVersionDate "2005.11.24"]
[SourceQuality "1"]

1. Nf3 Nf6 2. c4 e6 3. b3 Be7 4. Bb2 0-0 5. e3 d5 6. d4 c5 7. Bd3 Nc6 8. 0-0 b6 9. Nbd2 cxd4 10. Nxd4 Nxd4 11. Bxd4 Bb7 12. Rc1 Rc8 13. Be2 Ba3 14. Rc2 Qe7 15. Qa1 Ne8 16. Bb2 Bxb2 17. Qxb2 Nf6 18. Rfc1 Rfd8 19. Nf3 dxc4 20. Rxc4 Rxc4 21. Rxc4 Qd6 22. h3 Bd5 23. Rd4 e5 24. Rd1 e4 25. Ne5 Re8 26. Ng4 Nxg4 27. hxg4 Qc5 28. Qd4 Qxd4 29. Rxd4 Bc6 30. Rd6 Re6 31. Rxe6 fxe6 32. Kh2 Kf7 33. Kg3 Kf6 34. Kh4 h6 35. f4 exf3 36. gxf3 e5 37. f4 exf4 38. exf4 g5+ 39. fxg5+ hxg5+ 40. Kh5 a5 41. a3 Be4 42. b4 axb4 43. axb4 Bc2 1/2-1/2

[Event "Kimry op"]
[Site "Kimry"]
[Date "2004.08.03"]
[Round "2"]
[White "Zasypkin, Alexandr"]
[Black "Sorokin, Evgeniy"]
[Result "1/2-1/2"]
[WhiteElo "2147"]
[BlackElo "2121"]
[PlyCount "26"]
[EventDate "2004.08.02"]
[EventType "swiss"]
[EventRounds "4"]
[EventCountry "RUS"]
[SourceTitle "EXT 2006"]
[Source "ChessBase"]
[SourceDate "2005.11.24"]
[SourceVersion "1"]
[SourceVersionDate "2005.11.24"]
[SourceQuality "1"]

1. c4 c5 2. Nc3 Nc6 3. g3 g6 4. Bg2 Bg7 5. Nf3 e5 6. 0-0 Nge7 7. Rb1 0-0 8. a3 Rb8 9. b4 d6 10. d3 b6 11. Bg5 h6 12. Bxe7 Nxe7 13. Nd2 Bb7 1/2-1/2

[Event "Kimry"]
[Site "Kimry"]
[Date "2003.??.??"]
[Round "7"]
[White "Sorokin, Evgeniy"]
[Black "Bik Mukhamedov, Mikhail"]
[Result "1-0"]
[WhiteElo "2167"]
[BlackElo "1860"]
[PlyCount "47"]
[EventDate "2003.??.??"]
[EventType "tourn"]
[EventRounds "11"]
[EventCountry "RUS"]
[SourceTitle "EXT 2006"]
[Source "ChessBase"]
[SourceDate "2005.11.24"]
[SourceVersion "1"]
[SourceVersionDate "2005.11.24"]
[SourceQuality "1"]

1. d4 d5 2. Nf3 Nc6 3. Bf4 Nf6 4. e3 Bf5 5. Bd3 Bg6 6. 0-0 e6 7. c3 Bd6 8. Bxg6 fxg6 9. Qb3 Rb8 10. Nbd2 0-0 11. Bg3 Bxg3 12. hxg3 Ng4 13. e4 Nf6 14. Ng5 Qe7 15. Rae1 h6 16. exd5 hxg5 17. dxc6 bxc6 18. Qc2 Kh7 19. Nc4 Rfe8 20. Ne5 Qd6 21. Qxg6+ Kg8 22. Re2 Nh7 23. Qf7+ Kh8 24. Ng6# 1-0